000 00362nam a22001577a 4500
003 SGT
020 _a81-85731-04-7
082 _a615.190, P15M
100 _aMITHAL, B.M.
245 _aA TEXT BOOK OF PHARMACEUTICAL FORMULATION
250 _a16TH
260 _aDELHI
_bVALLABH PRAKASHAN
_c2015
300 _a392
650 _aPHARMACEUTICAL
942 _2ddc
_cBK
_04
999 _c8157
_d8157